| 000 | 00000nam##2200000za#4500 |
| 001 | 9.577179 |
| 003 | CaOODSP |
| 005 | 20210624185505 |
| 007 | cr ||||||||||| |
| 008 | 150406|1993||||xxc|||||o f|0| 0 eng|d |
| 040 | |aCaOODSP|beng |
| 043 | |an-cn--- |
| 086 | 1 |aFs97-13/918E-PDF |
| 110 | 1 |aCanada. |bDepartment of Fisheries and Oceans. |
| 245 | 10|aZooplankton community structure, abundance and biomass in Quesnel Lake, British Columbia, 1985-1990 / |h[electronic resource]|cby S.G. MacLellan, K.F. Morton and K.S. Shortreed. |
| 260 | |aCultus Lake - British Columbia : |bFisheries and Oceans Canada |c1993. |
| 300 | |a153p.|bfig., references, tables |
| 490 | 1 |aCanadian data report of fisheries and aquatic sciences|vNo. 918 |
| 500 | |aOn t.p.: Biological Sciences Branch, Cultus Lake Salmon Research Laboratory, Cultus Lake, British Columbia. Catalogue number and ISSN of the print edition appear in the PDF version. |
| 546 | |a(Résumé en français) |
| 590 | |a13-20-Supp|b2013-08-30 |
| 720 | 1 |aShortreed, K. S. |
| 720 | 1 |aMorton, K. F. |
| 720 | 1 |aMacLellan, S. G. |
| 830 | #0|aCanadian data report of fisheries and aquatic sciences ;|vNo. 918|w(CaOODSP)9.505124 |
| 856 | 40|ahttp://publications.gc.ca|qPDF|s4061 KB|uhttps://publications.gc.ca/collections/collection_2013/mpo-dfo/Fs97-13-918-eng.pdf|yNo. 918 |